French Rappers v1 - Statistiques

Statistiques générales
  • Ce quiz a été pris 301 fois
  • Le résultat moyen est 12 sur 16
Statistiques - réponses
Par images Réponse % Correct
Jul
99%
Koba LaD
95%
Ninho
95%
Niska
95%
Zola
94%
Maes
91%
Gazo
89%
SDM
89%
Tiakola
88%
Naps
86%
Werenoi
77%
ZKR
50%
La Mano 1.9
37%
Uzi
32%
Timal
28%
JRK 19
19%
Aucun quiz correspondant
Distribution des résultats
% des personnes avec chaque résultat
Percentile par nombre de réponses
Votre historique - résultats
Vous n’avez pas pris ce quiz